02384nam a2200325uu 4500001000800000005001700008007001000025008004100035035001200076040001300088041000800101080000900109100006200118245013100180260003500311300001300346520109700359610006401456650004101520650005901561650005001620650006001670700005601730856006001786942001001846999001901856502001201875526000801887952016301895152723220260508093549.0co|||||||190612s2019 spa  a1527232 ccomduadb aspa aT/CD10aCastaño Castaño, Yonathan Alexander4auteaut978603610aBienestar psicológico y rendimiento académico en estudiantes de la Facultad de Ingeniería de la Universidad de Antioquia aMedellín :bAutor(a),c2019. a1 CD-ROM3 aEn este estudio se examina la relación entre bienestar psicológico y rendimiento académico en los estudiantes de la Facultad de Ingeniería de la Universidad de Antioquia. Participaron 161 estudiantes, 86 hombres y 75 mujeres. La edad de los participantes estuvo entre los 22 y los 50 años. Para medir el bienestar psicológico se utilizó la escala de bienestar psicológico de Ryff (que mide relaciones positivas, autonomía, dominio del entorno, crecimiento personal y propósito en la vida) y para valorar el rendimiento académico de los participantes se utilizó el promedio obtenido en el último semestre finalizado. El estudio es de tipo correlacional- descriptivo con muestreo no probabilístico por conveniencia. Los datos fueron procesados con el paquete estadístico SPSS (Statistical Package for the Social Sciencies). Los resultados han permitido determinar que existe una correlación positiva entre las variables bienestar psicológico y promedio académico de los estudiantes de pregrado de la Facultad de Ingeniería de la Universidad de Antioquia...24aUniversidad de Antioquia.bFacultad de Ingeniería9824071 7aBienestar psicológico2dcs9151931 aRendimiento académico - Antioquia (Colombia)9216064 aUniversidad de Antioquia - Estudiantes943567 aUniversidad de Antioquia. Bienestar estudiantil917548510aArroyave Álvarez, Edgar Orlando4thseths98131624 uhttp://bibliotecadigital.udea.edu.co/handle/10495/16348 cTESIS c801640d801640 b105c12 a106 001040708DIGITALaCISHbCISHd2019-06-12eMaterial adquirido por donacióniC1315360l0oT/CD-13535p15989012r2023-05-04 00:00:00t1w2023-05-04yDIGITAL